000 00840cam a2200265 i 4500
008
020 _a0121082407 (hbk.)
049 _aMAIN
090 _aQR69.M48
245 0 0 _aSome methods for microbiological assay /
_cedited by R. G. Board and D. W. Lovelock.
260 _aLondon :
_bAcademic Press,
_c1975.
300 _axiii, 286 p. :
_bill. ;
_c24 cm.
440 _aTechnical series - Society for Applied Bacteriology ;
_vno. 8
500 _aIncludes index.
504 _aIncludes bibliographical references.
650 0 _aMicrobiology
_xTechnique.
650 0 _aPlaque assay technique.
700 1 _aBoard, R. G.
700 1 _aLovelock, D. W.
907 _a.b10001293
_b23-01-07
_c17-04-03
003
005 20230120203902.0
040 _cNUST
942 _cBOOKS
_kQR69.M48
999 _c113240
_d113240